[Event "?"]
[Site "ICS rated blitz match, 131.24"]
[Date "1997.??.??"]
[Round "?"]
[White "Brause"]
[Black "struppi"]
[Result "0-1"]
[WhiteElo "2360"]
[BlackElo "2225"]
[PlyCount "78"]

1. e4 e5 2. Nf3 Nc6 3. Nc3 Nf6 4. Nxe5 Nxe5 5. d4 Ng6 6. e5 Ng8 7. Bc4 d6 8.
Qf3 f6 9. O-O dxe5 10. dxe5 Nxe5 11. Qe4 Ne7 12. Rd1 Bd7 13. Be6 Qc8 14. Bxd7+
Nxd7 15. Be3 Ne5 16. Bf4 N7g6 17. Be3 Be7 18. Qa4+ c6 19. Qb3 Ng4 20. Bd2 Nxf2
21. Kxf2 Bc5+ 22. Be3 Qf5+ 23. Ke2 Qg4+ 24. Ke1 Bxe3 25. Qxb7 O-O 26. Qxc6 Rae8
27. Kf1 Qf4+ 28. Qf3 Qxh2 29. Ne4 Rxe4 30. Qxe4 Qg1+ 31. Ke2 Qf2+ 32. Kd3 Ne5+
33. Qxe5 fxe5 34. c4 Rd8+ 35. Kc3 Bd2+ 36. Kb3 Qb6+ 37. Kc2 Qg6+ 38. Kb3 Rb8+
39. Ka4 Qa6# 0-1

[Event "?"]
[Site "ICS rated blitz match, 131.24"]
[Date "1997.??.??"]
[Round "?"]
[White "Brause"]
[Black "DreamTeamer"]
[Result "0-1"]
[WhiteElo "2340"]
[BlackElo "2405"]
[PlyCount "110"]

1. e4 e5 2. Nf3 Nc6 3. Nc3 Nf6 4. Nxe5 Nxe5 5. d4 Ng6 6. e5 Ng8 7. Bc4 d5 8.
Nxd5 Be6 9. Ne3 N8e7 10. O-O c6 11. Bxe6 fxe6 12. c3 Nd5 13. Qg4 Qd7 14. Nxd5
cxd5 15. Be3 Be7 16. Rac1 O-O 17. c4 dxc4 18. Rxc4 Rac8 19. Rfc1 Rxc4 20. Rxc4
Rc8 21. Rxc8+ Qxc8 22. d5 Nxe5 23. Qxe6+ Qxe6 24. dxe6 a6 25. Kf1 Nc4 26. Bd4
Bf6 27. Bxf6 gxf6 28. b3 Nd6 29. g4 Kf8 30. f4 f5 31. h3 Ke7 32. Ke2 Kxe6 33.
Ke3 Kd5 34. Kf3 a5 35. Ke3 b5 36. Kd3 b4 37. g5 Ne4 38. h4 Ng3 39. Ke3 Nh5 40.
Kf3 Kd4 41. Ke2 Ke4 42. Ke1 Kxf4 43. Kf2 Kg4 44. Ke3 f4+ 45. Ke4 f3 46. Ke3 Kg3
47. g6 hxg6 48. Kd2 f2 49. Kd3 f1=Q+ 50. Ke4 Qf5+ 51. Ke3 Nf4 52. Kd2 Qd3+ 53.
Kc1 Ne2+ 54. Kb2 Qc3+ 55. Kb1 Qc1# 0-1

[Event "?"]
[Site "ICS rated blitz match, 131.24"]
[Date "1997.??.??"]
[Round "?"]
[White "Brause"]
[Black "Lichtzahn"]
[Result "0-1"]
[WhiteElo "2330"]
[BlackElo "2555"]
[PlyCount "162"]

1. e4 e5 2. Nf3 Nc6 3. Nc3 Nf6 4. Nxe5 Nxe5 5. d4 Ng6 6. e5 Qe7 7. Qe2 Ng8 8.
f4 Qe6 9. Bd2 Nh6 10. O-O-O d5 11. Qe3 c6 12. Na4 Be7 13. Be2 O-O 14. Rhe1 Qf5
15. Bd3 Qg4 16. g3 Qh5 17. Rh1 Bg4 18. Rde1 Nf5 19. Qf2 Bh3 20. c3 Nh6 21. Kb1
Bf5 22. Re3 Ng4 23. Qe2 Bxd3+ 24. Rxd3 Qf5 25. Be3 Qe4 26. Re1 b5 27. Nc5 Bxc5
28. dxc5 N4xe5 29. fxe5 Nxe5 30. Kc2 Rae8 31. Qf1 Nxd3 32. Qxd3 f6 33. Re2 Re7
34. Qxe4 dxe4 35. Kb3 a5 36. a4 Rb8 37. axb5 Rxb5+ 38. Kc4 a4 39. Kd4 f5 40. g4
g6 41. h3 Kf7 42. Rf2 Ke6 43. Kc4 Reb7 44. Bc1 Rd7 45. Re2 Rd3 46. Be3 h5 47.
gxf5+ gxf5 48. Bd4 Rxh3 49. Rg2 f4 50. Rg6+ Kf5 51. Rxc6 Rxb2 52. Ra6 e3 53. c6
Rb8 54. Rxa4 e2 55. Bf2 Rh2 56. Be1 f3 57. Kd5 f2 58. Bxf2 Rxf2 59. c7 Rc8 60.
Re4 Rxc7 61. Re5+ Kf6 62. Re6+ Kf7 63. Re5 Re7 64. Rxh5 e1=Q 65. Rh7+ Kg6 66.
Rxe7 Qxe7 67. c4 Qc5+ 68. Kxc5 Rd2 69. Kc6 Kf5 70. c5 Ke4 71. Kc7 Kd5 72. Kd7
Kxc5+ 73. Ke6 Rd5 74. Ke7 Rd6 75. Kf7 Kc6 76. Kg7 Kc7 77. Kf7 Kd7 78. Kg7 Ke7
79. Kg8 Kf6 80. Kh7 Rd8 81. Kh6 Rh8# 0-1

[Event "?"]
[Site "ICS rated blitz match, 131.24"]
[Date "1997.??.??"]
[Round "?"]
[White "Brause"]
[Black "Lichtzahn"]
[Result "0-1"]
[WhiteElo "2325"]
[BlackElo "2560"]
[PlyCount "120"]

1. e4 e5 2. Nf3 Nf6 3. Nc3 Nc6 4. Nxe5 Nxe5 5. d4 Ng6 6. e5 Qe7 7. f4 d6 8. Be2
dxe5 9. fxe5 Ng8 10. O-O Be6 11. Ne4 Qd7 12. Be3 O-O-O 13. c4 Qe8 14. Qb3 Nh4
15. Rae1 Kb8 16. Bd3 Nf5 17. d5 Nxe3 18. Rxe3 Bg4 19. c5 Qxe5 20. Bc4 Nh6 21.
Rfe1 Qd4 22. h3 Bxc5 23. Nxc5 Qxc5 24. hxg4 Nxg4 25. Qa3 Qb6 26. Qb3 Nxe3 27.
Qxb6 axb6 28. Rxe3 Rd7 29. Kf2 Rhd8 30. Re5 c6 31. dxc6 bxc6 32. Ke3 b5 33. Bb3
Kc7 34. Kf3 g6 35. Re2 f5 36. g3 Kb6 37. Ke3 Rd4 38. Bc2 h5 39. Rg2 Rg4 40. Kf3
h4 41. b3 b4 42. Bb1 hxg3 43. Rxg3 Rd1 44. Bc2 Rc1 45. Bxf5 Rxg3+ 46. Kxg3 gxf5
47. Kf3 Rc3+ 48. Kf4 c5 49. Kxf5 Rxb3 50. axb3 c4 51. Ke4 cxb3 52. Kd3 Kb5 53.
Ke3 b2 54. Kf3 b1=Q 55. Ke3 Qf5 56. Kd2 Kc4 57. Ke2 b3 58. Ke3 b2 59. Ke2 b1=Q
60. Ke3 Qbd3# 0-1

[Event "?"]
[Site "ICS rated blitz match, 131.24"]
[Date "1997.??.??"]
[Round "?"]
[White "Brause"]
[Black "OliB"]
[Result "1-0"]
[WhiteElo "2255"]
[BlackElo "1645"]
[PlyCount "23"]

1. e4 e5 2. Nf3 Nc6 3. Nc3 Nf6 4. Nxe5 Nxe5 5. d4 Ng6 6. e5 Ng8 7. Bc4 f6 8.
Qh5 N8e7 9. exf6 gxf6 10. O-O d5 11. Nxd5 Nxd5 12. Bxd5 1-0

[Event "?"]
[Site "ICS rated blitz match, 131.24"]
[Date "1997.??.??"]
[Round "?"]
[White "Brause"]
[Black "struppi"]
[Result "0-1"]
[WhiteElo "2330"]
[BlackElo "2260"]
[PlyCount "142"]

1. e4 e5 2. Nf3 Nc6 3. Nc3 Nf6 4. Nxe5 Nxe5 5. d4 Ng6 6. e5 Ng8 7. Bc4 d6 8.
Qf3 f6 9. O-O dxe5 10. dxe5 Nxe5 11. Qe4 Ne7 12. Rd1 Bd7 13. Be6 Qc8 14. Rxd7
Nxd7 15. Be3 Nc6 16. Rd1 Bd6 17. Nb5 Ke7 18. Bh3+ Kf8 19. Nxd6 cxd6 20. Rxd6
Qe8 21. Qxe8+ Kxe8 22. Bxd7+ Ke7 23. Bc5 Rad8 24. Rd3+ Kf7 25. f4 g5 26. a3
gxf4 27. Bxc6 bxc6 28. Bxa7 Rxd3 29. cxd3 Ra8 30. Bc5 Rb8 31. Bd4 Rd8 32. Bc3
Rxd3 33. Kf2 Ke6 34. a4 Rd1 35. a5 Kf5 36. Be1 Ke4 37. Ke2 Ra1 38. h3 Ra2 39.
Bc3 h6 40. h4 Kf5 41. Kf1 Kg4 42. Kf2 h5 43. Kf1 f5 44. Kf2 c5 45. Ke2 Kg3 46.
Kf1 Kxh4 47. Kf2 Kg4 48. Be5 Rxa5 49. Bf6 Ra1 50. Be5 Rc1 51. Bc3 Rc2+ 52. Kg1
Rxc3 53. bxc3 Kg3 54. Kh1 f3 55. gxf3 Kxf3 56. Kh2 h4 57. Kh3 Ke2 58. Kxh4 f4
59. Kg5 f3 60. Kf5 f2 61. Ke6 f1=Q 62. Kd5 Kd3 63. Kd6 Kxc3 64. Ke5 Kd3 65. Ke6
Kd4 66. Kd7 Qf6 67. Kc7 c4 68. Kd7 Kc5 69. Ke8 Qg7 70. Kd8 Kd6 71. Ke8 Qg8# 0-1

[Event "?"]
[Site "ICS rated blitz match, 131.24"]
[Date "1997.??.??"]
[Round "?"]
[White "Brause"]
[Black "noggin"]
[Result "1-0"]
[WhiteElo "2345"]
[BlackElo "1870"]
[PlyCount "31"]

1. e4 e5 2. Nf3 Nc6 3. Nc3 Nf6 4. Nxe5 Nxe5 5. d4 Nc6 6. d5 Nb8 7. e5 Ng8 8. d6
cxd6 9. exd6 Qa5 10. Bf4 g6 11. Qe2+ Kd8 12. Qc4 Bg7 13. Qc7+ Qxc7 14. dxc7+
Ke8 15. cxb8=Q Rxb8 16. Bxb8 1-0

[Event "?"]
[Site "ICS rated blitz match, 131.24"]
[Date "1997.??.??"]
[Round "?"]
[White "Brause"]
[Black "Lichtzahn"]
[Result "0-1"]
[WhiteElo "2355"]
[BlackElo "2600"]
[PlyCount "114"]

1. e4 e5 2. Nf3 Nc6 3. Nc3 Nf6 4. Nxe5 Nxe5 5. d4 Ng6 6. e5 Qe7 7. Qe2 Ng8 8.
f4 Qe6 9. Bd2 Nh6 10. O-O-O d5 11. Qe3 c6 12. Be2 Bb4 13. Na4 Bxd2+ 14. Qxd2
O-O 15. c3 Qe7 16. Bd3 Bf5 17. Bxf5 Nxf5 18. g4 Nfh4 19. g5 b6 20. Rhf1 Qe6 21.
Qf2 Qf5 22. Rd2 f6 23. gxf6 gxf6 24. Qg3 fxe5 25. dxe5 Qe4 26. b3 Rxf4 27. Re1
Qf5 28. Rc2 Rg4 29. Qf2 Qxf2 30. Rxf2 Re8 31. Ref1 Rxe5 32. Kd2 Rg2 33. Rxg2
Nxg2 34. Rf2 N2f4 35. Nb2 Kf7 36. Nd3 Re4 37. Rf3 Ke6 38. Nc1 Ne5 39. Rg3 b5
40. Re3 Ng4 41. Rxe4+ dxe4 42. h4 Ng2 43. c4 b4 44. Ne2 Nxh4 45. Nd4+ Kd6 46.
Nc2 Nf3+ 47. Kc1 c5 48. Kd1 h5 49. Na1 h4 50. Ke2 h3 51. Kf1 h2 52. Kg2 Nf2 53.
Kxf2 h1=Q 54. Nc2 Qg1+ 55. Ke2 Ke5 56. a4 Qg2+ 57. Ke3 Qd2# 0-1

[Event "?"]
[Site "ICS rated blitz match, 131.24"]
[Date "1997.??.??"]
[Round "?"]
[White "Brause"]
[Black "struppi"]
[Result "0-1"]
[WhiteElo "2345"]
[BlackElo "2265"]
[PlyCount "152"]

1. e4 e5 2. Nf3 Nc6 3. Nc3 Nf6 4. Nxe5 Nxe5 5. d4 Ng6 6. e5 Ng8 7. Bc4 d6 8.
Qf3 f6 9. O-O dxe5 10. dxe5 Nxe5 11. Qe4 Ne7 12. Rd1 Bd7 13. Be6 Qc8 14. Rxd7
Nxd7 15. Be3 Nc6 16. Rd1 Bd6 17. Nb5 Ke7 18. Bh3+ Kf8 19. Nxd6 cxd6 20. Rxd6
Qe8 21. Be6 Rd8 22. Qd5 Nde5 23. Bc5 Rxd6 24. Qxd6+ Ne7 25. Qc7 N5c6 26. Bc4
Qd8 27. Qxb7 Ke8 28. h3 Qd1+ 29. Kh2 Qd7 30. Qa8+ Qc8 31. Qxc8+ Nxc8 32. Bb5
Kd7 33. c3 Nd6 34. a4 Rb8 35. Bxd6 Kxd6 36. Kg3 a6 37. Bxa6 Rxb2 38. Kf3 Rb3
39. Ke2 Rxc3 40. Bd3 Ra3 41. Bxh7 Rxa4 42. Ke3 g5 43. Be4 Ra3+ 44. Kd2 Nd4 45.
Bb1 Ke5 46. Kc1 f5 47. Kb2 Rb3+ 48. Ka2 f4 49. Bg6 Rb6 50. Be8 f3 51. gxf3 Nxf3
52. Bd7 Kf4 53. Bc8 Ng1 54. Bg4 Rb8 55. Ka3 Nxh3 56. Bxh3 Kf3 57. Be6 Kxf2 58.
Bg4 Kg3 59. Be2 g4 60. Ka4 Kf4 61. Bc4 g3 62. Bd5 Ke3 63. Ka5 Kf2 64. Ka6 g2
65. Bxg2 Kxg2 66. Ka7 Rb2 67. Ka6 Kf3 68. Ka5 Ke3 69. Ka4 Kd3 70. Ka3 Kc3 71.
Ka4 Rb1 72. Ka5 Kc4 73. Ka6 Kc5 74. Ka7 Kc6 75. Ka8 Kc7 76. Ka7 Ra1# 0-1

[Event "?"]
[Site "ICS rated blitz match, 131.24"]
[Date "1997.??.??"]
[Round "?"]
[White "Brause"]
[Black "struppi"]
[Result "0-1"]
[WhiteElo "2335"]
[BlackElo "2275"]
[PlyCount "122"]

1. e4 e5 2. Nf3 Nc6 3. Nc3 Nf6 4. Nxe5 Nxe5 5. d4 Ng6 6. e5 Ng8 7. Bc4 d6 8.
Qf3 f6 9. O-O dxe5 10. dxe5 Nxe5 11. Qe4 Ne7 12. Rd1 Bd7 13. Be6 Qc8 14. Rxd7
Nxd7 15. Be3 Nc6 16. Rd1 Bd6 17. Nb5 Ke7 18. Bh3+ Kf8 19. Nxd6 cxd6 20. Rxd6
Qe8 21. Be6 Rd8 22. Qd5 Nde5 23. Bc5 Rxd6 24. Qxd6+ Ne7 25. Qc7 N5c6 26. Bc4
Qd8 27. Qxb7 Ke8 28. h3 Qd1+ 29. Kh2 Qd7 30. Qa8+ Qc8 31. Qxc8+ Nxc8 32. Bb5
Kd7 33. b4 Nd6 34. c4 Ra8 35. Bxd6 Kxd6 36. c5+ Kc7 37. a3 a5 38. bxa5 Rxa5 39.
a4 Nd4 40. Bd3 h6 41. Kg3 Rxa4 42. f3 Kc6 43. Kf4 Kxc5 44. Ke3 Ra3 45. f4 Kd5
46. Kd2 Ne6 47. f5 Nf4 48. Bf1 Ra1 49. Bb5 Nxg2 50. Ke2 Nf4+ 51. Kf3 Nxh3 52.
Kg4 Ra3 53. Be8 Ke5 54. Bc6 g6 55. Bf3 Ng5 56. Bg2 h5+ 57. Kh4 Kxf5 58. Bf1 Kf4
59. Bd3 f5 60. Bf1 Rh3+ 61. Bxh3 Nf3# 0-1

[Event "?"]
[Site "ICS rated blitz match, 131.24"]
[Date "1997.??.??"]
[Round "?"]
[White "Brause"]
[Black "Wildsau"]
[Result "1-0"]
[WhiteElo "2330"]
[BlackElo "2450"]
[PlyCount "89"]

1. e4 e5 2. Nf3 Nc6 3. Nc3 Nf6 4. Nxe5 Nxe5 5. d4 Nc6 6. d5 Ne5 7. f4 Ng6 8. e5
Ng8 9. d6 cxd6 10. exd6 Qh4+ 11. g3 Qf6 12. Nb5 Kd8 13. Be3 Qxb2 14. Bd4 Qb4+
15. c3 Qa5 16. Qf3 Nh6 17. f5 Ne5 18. Bxe5 a6 19. Bd4 axb5 20. Qe3 Bxd6 21.
Bb6+ Qxb6 22. Qxb6+ Bc7 23. Qf2 Re8+ 24. Be2 Be5 25. O-O b4 26. f6 Re6 27. fxg7
Bxg7 28. Bc4 bxc3 29. Bxe6 fxe6 30. Qe3 Ke8 31. Qg5 Bd4+ 32. Kh1 Nf5 33. Rxf5
d6 34. Qg8+ Kd7 35. Rf7+ Kc6 36. Qe8+ Kc5 37. Rb1 Bd7 38. Qxd7 Ra5 39. Qc7+ Kd5
40. Qxa5+ Ke4 41. Re1+ Be3 42. Rf4+ Kd3 43. Qb5+ Kc2 44. Qb1+ Kd2 45. Qd1# 1-0

[Event "?"]
[Site "ICS rated blitz match, 131.24"]
[Date "1997.??.??"]
[Round "?"]
[White "Brause"]
[Black "Spielkind"]
[Result "1-0"]
[WhiteElo "2355"]
[BlackElo "2005"]
[PlyCount "43"]

1. e4 e5 2. Nf3 Nc6 3. Nc3 Nf6 4. Nxe5 Nxe5 5. d4 Ng6 6. e5 Ng8 7. Bc4 Bb4 8.
Qf3 Bxc3+ 9. bxc3 Qe7 10. O-O Rb8 11. Re1 b5 12. Rb1 Bb7 13. Rxb5 c6 14. Rb1
Kd8 15. Bxf7 Kc8 16. Bxg6 hxg6 17. Bd2 Nh6 18. Rb3 Nf5 19. Reb1 Qh4 20. h3 Qh5
21. Qd3 Ne7 22. Rxb7 1-0

[Event "?"]
[Site "ICS rated blitz match, 131.24"]
[Date "1997.??.??"]
[Round "?"]
[White "Brause"]
[Black "Spielkind"]
[Result "1-0"]
[WhiteElo "2355"]
[BlackElo "2000"]
[PlyCount "31"]

1. e4 e5 2. Nf3 Nc6 3. Nc3 Nf6 4. Nxe5 Nxe5 5. d4 Ng6 6. e5 Ng8 7. Bc4 d5 8.
Bxd5 c6 9. Bb3 Be6 10. O-O N8e7 11. Ne4 Nc8 12. Bxe6 fxe6 13. Ng5 Qd7 14. Qg4
Be7 15. Nxh7 Rxh7 16. Qxg6+ 1-0

[Event "?"]
[Site "ICS rated blitz match, 131.24"]
[Date "1997.??.??"]
[Round "?"]
[White "Brause"]
[Black "Spielkind"]
[Result "1-0"]
[WhiteElo "2350"]
[BlackElo "2005"]
[PlyCount "33"]

1. e4 e5 2. Nf3 Nc6 3. Nc3 Nf6 4. Nxe5 Nxe5 5. d4 Neg4 6. e5 Nxf2 7. Kxf2 Ng8
8. Bc4 d5 9. Bxd5 c6 10. Bb3 Qh4+ 11. Kg1 Bg4 12. Qf1 Qh5 13. Be3 O-O-O 14.
Qxf7 Qxf7 15. Bxf7 Ne7 16. Rf1 Nf5 17. Be6+ 1-0

[Event "?"]
[Site "ICS rated blitz match, 192.23"]
[Date "1997.??.??"]
[Round "?"]
[White "Brause"]
[Black "Horatius"]
[Result "0-1"]
[WhiteElo "2290"]
[BlackElo "2330"]
[PlyCount "102"]

1. e4 e5 2. Nf3 Nc6 3. Nc3 Nf6 4. Nxe5 Nxe5 5. d4 Ng6 6. e5 Ng8 7. Bc4 d6 8.
Qf3 Qd7 9. O-O Qf5 10. Nb5 Qxf3 11. gxf3 Kd8 12. Bxf7 a6 13. Bxg6 hxg6 14. Bg5+
Be7 15. Bxe7+ Nxe7 16. exd6 axb5 17. dxe7+ Kxe7 18. Rfe1+ Kf7 19. c3 Bh3 20.
Re3 Rhe8 21. f4 Be6 22. a3 Bb3 23. Rae1 c6 24. Re5 Re6 25. R1e4 Rae8 26. Re3
Kf6 27. f3 Rxe5 28. fxe5+ Kf5 29. h4 Rh8 30. Re4 Bd5 31. Rg4 Bxf3 32. Rg5+ Kf4
33. Rxg6 Rxh4 34. Rxg7 Rg4+ 35. Rxg4+ Bxg4 36. Kf1 Ke3 37. Ke1 Kd3 38. Kf2 Kc2
39. d5 cxd5 40. Ke3 Kxb2 41. Kd4 Kxa3 42. Kxd5 Kb3 43. Kc5 Ka4 44. Kb6 Bf3 45.
Kc5 Bc6 46. Kd4 Kb3 47. Kd3 Bd5 48. Kd4 Bc4 49. e6 Bxe6 50. Kc5 Bc4 51. Kd4 Kb2
0-1

[Event "?"]
[Site "ICS rated blitz match, 192.23"]
[Date "1997.??.??"]
[Round "?"]
[White "Brause"]
[Black "SirJames"]
[Result "1-0"]
[WhiteElo "2440"]
[BlackElo "1975"]
[PlyCount "43"]

1. e4 e5 2. Nf3 Nc6 3. Nc3 Nf6 4. Nxe5 Nxe5 5. d4 Nc6 6. d5 Ne5 7. f4 Ng6 8. e5
Ng8 9. d6 cxd6 10. exd6 Qb6 11. Qe2+ Be7 12. Nb5 Kd8 13. dxe7+ N8xe7 14. Be3
Qa5+ 15. Nc3 Nd5 16. Qh5 Re8 17. O-O-O Rxe3 18. Nxd5 Re4 19. Bd3 Rd4 20. Bxg6
Rxd1+ 21. Rxd1 hxg6 22. Qh8# 1-0

[Event "?"]
[Site "ICS rated blitz match, 192.23"]
[Date "1997.??.??"]
[Round "?"]
[White "Brause"]
[Black "nugent"]
[Result "0-1"]
[WhiteElo "2480"]
[BlackElo "2185"]
[PlyCount "168"]

1. e4 e5 2. Nf3 Nc6 3. Nc3 Nf6 4. Nxe5 Nxe5 5. d4 Nc6 6. d5 Nb8 7. e5 Ng8 8. d6
Nc6 9. Nb5 cxd6 10. exd6 Qf6 11. Be2 Kd8 12. O-O a6 13. Nc7 Rb8 14. Be3 Qxd6
15. Bb6 Qxd1 16. Rfxd1 Be7 17. Bc4 Nf6 18. Nxa6+ Ke8 19. Nxb8 Nxb8 20. c3 Nc6
21. Bc7 h5 22. Rd3 d5 23. Bxd5 Nxd5 24. Rxd5 Be6 25. Rd3 h4 26. b3 Rh5 27. Bd6
Bxd6 28. Rxd6 h3 29. g3 Ke7 30. Rd3 g5 31. f3 f6 32. Re1 Kf7 33. Rd6 Bc8 34.
Red1 Ne5 35. Rf1 Be6 36. f4 gxf4 37. Rxf4 Rh8 38. c4 Ra8 39. Rd2 Ra5 40. a4 Ra8
41. Kf1 Re8 42. Rdd4 Bd7 43. Kf2 Bc6 44. Rd6 Re6 45. Rd1 Bg2 46. b4 Kg6 47. c5
f5 48. a5 Ng4+ 49. Kg1 Re2 50. a6 bxa6 51. c6 Be4 52. c7 Rg2+ 53. Kf1 Nxh2+ 54.
Ke1 Rc2 55. Rd6+ Kg5 56. c8=Q Rxc8 57. Rxa6 Nf3+ 58. Kf2 h2 59. Ra1 Rc2+ 60.
Ke3 Rc3+ 61. Kf2 Rb3 62. Rh1 Rxb4 63. Rxf3 Rb2+ 64. Ke3 Rb3+ 65. Kd4 Rxf3 66.
Rxh2 Rxg3 67. Ke5 Ra3 68. Rf2 Ra5+ 69. Ke6 f4 70. Kd6 f3 71. Ke6 Kf4 72. Rd2
Ke3 73. Rd1 f2 74. Rc1 Bd3 75. Rd1 f1=Q 76. Rxf1 Bxf1 77. Kd6 Kd4 78. Ke6 Bh3+
79. Kd6 Ra6+ 80. Kc7 Kc5 81. Kd8 Kd6 82. Ke8 Ra7 83. Kf8 Be6 84. Ke8 Ra8# 0-1

[Event "?"]
[Site "ICS rated blitz match, 192.23"]
[Date "1997.??.??"]
[Round "?"]
[White "Brause"]
[Black "TwilightZone"]
[Result "1-0"]
[WhiteElo "2470"]
[BlackElo "2405"]
[PlyCount "38"]

1. e4 e5 2. Nf3 Nc6 3. Nc3 Nf6 4. Nxe5 Nxe5 5. d4 Nc6 6. d5 Ne5 7. f4 Ng6 8. e5
Ng8 9. d6 a6 10. h4 h5 11. Nd5 cxd6 12. Be3 Qa5+ 13. b4 Qa4 14. Nc7+ Kd8 15.
Nxa8 Qxb4+ 16. Qd2 Qxd2+ 17. Bxd2 dxe5 18. Ba5+ b6 19. Nxb6 Nxf4 1-0

[Event "?"]
[Site "ICS rated blitz match, 192.23"]
[Date "1997.??.??"]
[Round "?"]
[White "Brause"]
[Black "CHRIS5800"]
[Result "1-0"]
[WhiteElo "2550"]
[BlackElo "1970"]
[PlyCount "33"]

1. e4 e5 2. Nf3 Nc6 3. Nc3 Nf6 4. Nxe5 Nxe5 5. d4 Bd6 6. dxe5 Bxe5 7. Bd3 d5 8.
Nxd5 Nxd5 9. exd5 Qxd5 10. Qe2 Be6 11. f4 Bf6 12. f5 O-O 13. fxe6 Rfe8 14. O-O
Rxe6 15. Qd1 Bd4+ 16. Kh1 Rae8 17. c3 1-0

[Event "?"]
[Site "ICS rated blitz match, 192.23"]
[Date "1997.??.??"]
[Round "?"]
[White "Brause"]
[Black "CHRIS5800"]
[Result "1-0"]
[WhiteElo "2550"]
[BlackElo "1965"]
[PlyCount "61"]

1. e4 e5 2. Nf3 Nc6 3. Nc3 Nf6 4. Nxe5 Nxe5 5. d4 Bd6 6. dxe5 Bxe5 7. Bd3 d5 8.
Nxd5 Nxd5 9. exd5 Qxd5 10. Qe2 O-O 11. O-O Bf6 12. Be4 Qe6 13. Re1 c6 14. Bxh7+
Kxh7 15. Qh5+ Kg8 16. Rxe6 Bxe6 17. c3 Rfd8 18. Be3 Rd5 19. Qf3 Rad8 20. a3 b6
21. Re1 Rd3 22. Qxc6 Bf5 23. Bf4 Bg6 24. Re8+ Rxe8 25. Qxe8+ Kh7 26. f3 Rd1+
27. Kf2 Rb1 28. Qe2 a5 29. Bc7 Rc1 30. Kg3 Rc2 31. Qb5 1-0

[Event "?"]
[Site "ICS rated blitz match, 192.23"]
[Date "1997.??.??"]
[Round "?"]
[White "Brause"]
[Black "CHRIS5800"]
[Result "1-0"]
[WhiteElo "2550"]
[BlackElo "1965"]
[PlyCount "43"]

1. e4 e5 2. Nf3 Nc6 3. Nc3 Nf6 4. Nxe5 Nxe5 5. d4 Bd6 6. dxe5 Bxe5 7. Bd3 d5 8.
Nxd5 Nxd5 9. exd5 Qxd5 10. Qe2 O-O 11. O-O Be6 12. Re1 Bd6 13. Be4 Qe5 14.
Bxh7+ Kxh7 15. Qxe5 Bxe5 16. Rxe5 Rad8 17. Bf4 c6 18. Rae1 g6 19. Be3 a6 20.
Bg5 Rd4 21. g3 Rb4 22. Be7 1-0

[Event "?"]
[Site "ICS rated blitz match, 192.23"]
[Date "1997.??.??"]
[Round "?"]
[White "Brause"]
[Black "nugent"]
[Result "1/2-1/2"]
[WhiteElo "2575"]
[BlackElo "2210"]
[PlyCount "108"]

1. e4 e5 2. Nf3 Nc6 3. Nc3 Nf6 4. Nxe5 Nxe5 5. d4 Ng6 6. e5 Ng8 7. Bc4 d6 8.
Qf3 Be6 9. Qxb7 Be7 10. Bd5 Bxd5 11. Nxd5 Rc8 12. O-O c6 13. Nxe7 N8xe7 14.
exd6 Qxd6 15. Qxa7 O-O 16. c3 Nd5 17. Re1 h5 18. Qc5 Qf6 19. Qc4 h4 20. Qd3
Rfe8 21. Rxe8+ Rxe8 22. Bd2 Ndf4 23. Bxf4 Nxf4 24. Qf1 h3 25. Re1 Rxe1 26. Qxe1
Nxg2 27. Qe8+ Kh7 28. Qe4+ g6 29. Qg4 Nf4 30. Kf1 g5 31. a3 Qg6 32. Qd1 Qe4 33.
f3 Qf5 34. Kg1 Nd5 35. a4 Ne3 36. Qe2 Qf4 37. a5 f5 38. a6 Nd5 39. a7 Nb6 40.
Kf1 Kh6 41. b4 g4 42. Qe6+ Kh5 43. Qf7+ Kg5 44. Qg7+ Kh5 45. Qh8+ Kg5 46. Qd8+
Kh5 47. Qxb6 Qxf3+ 48. Ke1 Qe3+ 49. Kd1 Qd3+ 50. Kc1 Qxc3+ 51. Kd1 Qd3+ 52. Kc1
Qc3+ 53. Kd1 Qd3+ 54. Kc1 Qc3+ 1/2-1/2

[Event "?"]
[Site "ICS rated blitz match, 192.23"]
[Date "1997.??.??"]
[Round "?"]
[White "Brause"]
[Black "nugent"]
[Result "0-1"]
[WhiteElo "2565"]
[BlackElo "2225"]
[PlyCount "164"]

1. e4 e5 2. Nf3 Nc6 3. Nc3 Nf6 4. Nxe5 Nxe5 5. d4 Ng6 6. e5 Ng8 7. Bc4 Bb4 8.
Qf3 Qe7 9. O-O Bxc3 10. bxc3 Nh6 11. g3 O-O 12. Qh5 d5 13. Bxd5 Bg4 14. Qg5
Qxg5 15. Bxg5 c6 16. Bg2 Be2 17. Rfe1 Bc4 18. Bxh6 gxh6 19. a4 Ne7 20. a5 b5
21. axb6 axb6 22. f4 b5 23. f5 Nd5 24. Bxd5 Bxd5 25. f6 Ra4 26. Rxa4 bxa4 27.
Ra1 Ra8 28. Kf2 Kf8 29. Ke3 Bc4 30. Ra3 Ke8 31. Kf4 Kd7 32. Kf5 Ra5 33. Kg4
Be2+ 34. Kf4 Bh5 35. c4 Be2 36. c5 Ke6 37. c3 Bd1 38. Ke4 Bc2+ 39. Ke3 Kd5 40.
h3 Bf5 41. g4 Bg6 42. h4 h5 43. g5 Kc4 44. Kd2 Ra8 45. Ke2 Bc2 46. Ke3 Bb3 47.
Kd2 Ra7 48. Ra1 a3 49. e6 fxe6 50. f7 Rxf7 51. Rxa3 Rf4 52. Ra6 Kd5 53. Ra7
Rxh4 54. Rxh7 Ke4 55. g6 Rh2+ 56. Kc1 Kd3 57. Rf7 Rh1+ 58. Kb2 Bd5 59. Rf2 Rg1
60. Rh2 Rxg6 61. Rh3+ Kc4 62. Kc1 Rh6 63. Kd2 h4 64. Rh2 h3 65. Kc2 Bg2 66. Kd2
Rf6 67. Ke2 Kxc3 68. Ke3 Kc4 69. Kd2 Kxd4 70. Ke2 e5 71. Kd1 e4 72. Kc2 e3 73.
Kc1 Kd3 74. Kb2 e2 75. Rh1 Bxh1 76. Ka3 e1=Q 77. Kb3 Qc3+ 78. Ka2 Qc4+ 79. Ka3
Qxc5+ 80. Kb2 Rf4 81. Ka1 Rb4 82. Ka2 Qa5# 0-1

[Event "?"]
[Site "ICS rated blitz match, 192.23"]
[Date "1997.??.??"]
[Round "?"]
[White "Brause"]
[Black "KC-KID"]
[Result "1-0"]
[WhiteElo "2615"]
[BlackElo "1885"]
[PlyCount "31"]

1. e4 e5 2. Nf3 Nc6 3. Nc3 Nf6 4. Nxe5 Nxe5 5. d4 Nc6 6. d5 Ne5 7. f4 Ng6 8. e5
Qe7 9. Qe2 Ng8 10. d6 cxd6 11. Nd5 Qh4+ 12. g3 Qd8 13. Nc7+ Ke7 14. exd6+ Kxd6
15. Ne8+ Kc6 16. Qb5# 1-0

[Event "?"]
[Site "ICS rated blitz match, 192.23"]
[Date "1997.??.??"]
[Round "?"]
[White "Brause"]
[Black "agro"]
[Result "1-0"]
[WhiteElo "2625"]
[BlackElo "2480"]
[PlyCount "73"]

1. e4 e5 2. Nf3 Nc6 3. Nc3 Nf6 4. Nxe5 Nxe5 5. d4 Ng6 6. e5 Ng8 7. Bc4 c6 8.
Qe2 b5 9. Nxb5 cxb5 10. Bxf7+ Kxf7 11. Qf3+ Ke8 12. Qxa8 N8e7 13. O-O Nc6 14.
Rd1 Qc7 15. Bg5 h6 16. Be3 Kf7 17. d5 Ncxe5 18. Qxa7 Qxa7 19. Bxa7 Bd6 20. a4
b4 21. f4 Ng4 22. g3 Bb7 23. c4 bxc3 24. bxc3 Rc8 25. Rab1 Ba6 26. Bd4 Bc4 27.
Rb7 Nf6 28. Bxf6 Kxf6 29. Rb6 Rc6 30. dxc6 Bc5+ 31. Kg2 Bxb6 32. Rd6+ Kf5 33.
cxd7 Bd8 34. Kf3 Be6 35. g4+ Kf6 36. f5 Nh4+ 37. Ke4 1-0

[Event "?"]
[Site "ICS rated blitz match, 192.23"]
[Date "1997.??.??"]
[Round "?"]
[White "Brause"]
[Black "HBsen"]
[Result "1-0"]
[WhiteElo "2630"]
[BlackElo "2105"]
[PlyCount "53"]

1. e4 e5 2. Nf3 Nc6 3. Nc3 Nf6 4. Nxe5 Nxe5 5. d4 Nc6 6. d5 Ne5 7. f4 Neg4 8.
e5 Nxd5 9. Qxd5 c6 10. Qf3 Nh6 11. Bd2 Bb4 12. a3 Ba5 13. O-O-O d5 14. exd6
Qxd6 15. Nb5 Bxd2+ 16. Rxd2 Qb8 17. Nd6+ Kf8 18. f5 g6 19. fxg6 hxg6 20. Qf6
Kg8 21. Bc4 Rh7 22. Qd8+ Kg7 23. Ne8+ Kf8 24. Nf6+ Kg7 25. Nh5+ gxh5 26. Qg5+
Kh8 27. Rd8+ 1-0

[Event "?"]
[Site "ICS rated blitz match, 192.23"]
[Date "1997.??.??"]
[Round "?"]
[White "Brause"]
[Black "gregprusakov"]
[Result "1-0"]
[WhiteElo "2665"]
[BlackElo "1950"]
[PlyCount "31"]

1. e4 e5 2. Nf3 Nc6 3. Nc3 Nf6 4. Nxe5 Nxe5 5. d4 Nc6 6. d5 Nb8 7. e5 Ng8 8. d6
cxd6 9. exd6 Qb6 10. Nb5 Na6 11. Qe2+ Kd8 12. Be3 Qa5+ 13. c3 Nf6 14. Qc4 Ne8
15. Qxf7 Nxd6 16. Bg5+ 1-0

[Event "?"]
[Site "ICS rated blitz match, 192.23"]
[Date "1997.??.??"]
[Round "?"]
[White "Brause"]
[Black "MrCool"]
[Result "1-0"]
[WhiteElo "2660"]
[BlackElo "1915"]
[PlyCount "23"]

1. e4 e5 2. Nf3 Nc6 3. Nc3 Nf6 4. Nxe5 Nxe5 5. d4 Ng6 6. e5 Ng8 7. Bc4 d5 8.
Bxd5 c6 9. Be4 Be6 10. f4 N8e7 11. O-O h5 12. f5 1-0

[Event "?"]
[Site "ICS rated blitz match, 192.23"]
[Date "1997.??.??"]
[Round "?"]
[White "Brause"]
[Black "Informer"]
[Result "1-0"]
[WhiteElo "2665"]
[BlackElo "2065"]
[PlyCount "46"]

1. e4 e5 2. Nf3 Nc6 3. Nc3 Nf6 4. Nxe5 Nxe5 5. d4 Ng6 6. e5 Ng8 7. Bc4 d6 8.
Qf3 f6 9. e6 c6 10. Qh3 d5 11. Bd3 Qd6 12. Bxg6+ hxg6 13. Qxh8 Bxe6 14. Bd2
O-O-O 15. O-O-O Ne7 16. Na4 Nf5 17. c3 Be7 18. Qh7 Bg8 19. Qxg6 Qd7 20. g4 Nd6
21. Nc5 Qc7 22. Qxg7 b6 23. Rhe1 Re8 1-0